000 00470nam a22001817a 4500
003 MPLRDC
005 20220104142533.0
008 210129b ||||| |||| 00| 0 eng d
082 _a857.44 CADR
100 _a长安道人国清编次
245 _a警世阴阳梦
_c卜维校点
250 _a一版一刷
260 _a
_b春风文艺出版社
_c1985
300 _b
490 _a明末清初小说选刊
650 _a章回小说
942 _cBK
_o857.44 CADR
999 _c31675
_d31665